|
|
|
|
| LEADER |
00000nam0a2200000 4500 |
| 001 |
200308 |
| 005 |
20231101224939.0 |
| 010 |
|
|
|a 9780194325387
|
| 035 |
|
|
|a (RuTPU)RU\TPU\book\218375
|
| 035 |
|
|
|a RU\TPU\book\52623
|
| 090 |
|
|
|a 200308
|
| 100 |
|
|
|a 20110905d2009 m y0engy50 ba
|
| 101 |
0 |
|
|a eng
|
| 102 |
|
|
|a US
|
| 105 |
|
|
|a y e 000zy
|
| 200 |
1 |
|
|a Oxford Collocations Dictionary for students of English
|f chief editor C. Mclntosh
|
| 205 |
|
|
|a 2nd ed.
|
| 210 |
|
|
|a New York
|c Oxford University Press
|d 2009
|
| 215 |
|
|
|a 963 p.
|e CD-ROM
|
| 606 |
1 |
|
|a Английский язык
|x Словари
|2 stltpush
|3 (RuTPU)RU\TPU\subj\69128
|9 84097
|
| 610 |
1 |
|
|a учебные словари
|
| 610 |
1 |
|
|a лексика
|
| 686 |
|
|
|a Ш143.21-4
|v LBC/SL-A
|2 rubbk
|
| 702 |
|
1 |
|a Mclntosh
|b C.
|g Colin
|4 651
|
| 801 |
|
1 |
|a RU
|b 63413507
|c 20030411
|g PSBO
|
| 801 |
|
2 |
|a RU
|b 63413507
|c 20111109
|g PSBO
|
| 942 |
|
|
|c BK
|